Fr. Conceicao Rodrigues College of Engineering

Trouble Shooting & Repairng the new Personal computers (Record no. 27061)

MARC details
000 -LEADER
fixed length control field 00306nam a2200133Ia 4500
100 ## - MAIN ENTRY--PERSONAL NAME
Personal name Margolis/ Art
245 ## - TITLE STATEMENT
Title Trouble Shooting & Repairng the new Personal computers
260 ## - PUBLICATION, DISTRIBUTION, ETC.
Name of publisher, distributor, etc. BPB Publications
Place of publication, distribution, etc. New Delhi
300 ## - PHYSICAL DESCRIPTION
Extent 401
546 ## - LANGUAGE NOTE
Language note ENGLISH
654 ## - SUBJECT ADDED ENTRY--FACETED TOPICAL TERMS
Focus term Trouble
942 ## - ADDED ENTRY ELEMENTS (KOHA)
Koha item type BOOK
Holdings
Withdrawn status Lost status Damaged status Not for loan Collection Home library Current library Shelving location Date acquired Cost, normal purchase price Total Checkouts Full call number Barcode Date last seen Cost, replacement price Price effective from Koha item type
        CRC Fr. Agnel's C.Rodrigues College of Engineering Fr. Agnel's C.Rodrigues College of Engineering   17/03/2023 150.00   4449 17/03/2023 150.00 17/03/2023 BOOK